Koós Elemér
Elmentve itt :
| Dokumentumtípus: | Cikk |
|---|---|
| Megjelent: |
1927-01-23
|
| Sorozat: | Délmagyarország
3 No. 18 |
| Kulcsszavak: | Koós Elemér, Gyászjelentés |
| Online Access: | http://dmarchiv.bibl.u-szeged.hu/37964 |
| LEADER | 00398nab a2200145 i 4500 | ||
|---|---|---|---|
| 001 | delm37964 | ||
| 005 | 20180927112922.0 | ||
| 008 | 180927s1927 hu o 0|| hun d | ||
| 040 | |a SZTE Délmagyarország Archívum |b hun | ||
| 041 | |a hun | ||
| 245 | 0 | 0 | |a Koós Elemér |h [elektronikus dokumentum] |
| 260 | |c 1927-01-23 | ||
| 300 | |a 11 | ||
| 490 | 0 | |a Délmagyarország |v 3 No. 18 | |
| 695 | |a Koós Elemér, Gyászjelentés | ||